<?xml version="1.0" encoding="UTF-8"?>
<record
    xmlns:xsi="http://www.w3.org/2001/XMLSchema-instance"
    xsi:schemaLocation="http://www.loc.gov/MARC21/slim http://www.loc.gov/standards/marcxml/schema/MARC21slim.xsd"
    xmlns="http://www.loc.gov/MARC21/slim">

  <leader>02295nam a22002774a 4500</leader>
  <controlfield tag="001">469</controlfield>
  <controlfield tag="003">OSt</controlfield>
  <controlfield tag="005">20250902075710.0</controlfield>
  <controlfield tag="008">250902b        |||||||| |||| 00| 0 eng d</controlfield>
  <datafield tag="040" ind1=" " ind2=" ">
    <subfield code="b">por</subfield>
  </datafield>
  <datafield tag="041" ind1=" " ind2=" ">
    <subfield code="h">por</subfield>
  </datafield>
  <datafield tag="082" ind1="0" ind2="4">
    <subfield code="a">028.5</subfield>
    <subfield code="b">A481g</subfield>
  </datafield>
  <datafield tag="100" ind1="1" ind2=" ">
    <subfield code="a">Amado, Jorge,</subfield>
    <subfield code="d">1912-2001</subfield>
    <subfield code="9">1010</subfield>
  </datafield>
  <datafield tag="245" ind1="1" ind2="2">
    <subfield code="a">O gato Malhado e a andorinha Sinh&#xE1;:</subfield>
    <subfield code="b">uma hist&#xF3;ria de amor /</subfield>
    <subfield code="c">Jorge Amado ; [iluminuras e ilustra&#xE7;&#xF5;es de Caryb&#xE9;]. -</subfield>
  </datafield>
  <datafield tag="250" ind1=" " ind2=" ">
    <subfield code="a">40. ed. -</subfield>
  </datafield>
  <datafield tag="260" ind1=" " ind2=" ">
    <subfield code="a">Rio de Janeiro :</subfield>
    <subfield code="b">Record,</subfield>
    <subfield code="c">2002.</subfield>
  </datafield>
  <datafield tag="300" ind1=" " ind2=" ">
    <subfield code="a">55p. :</subfield>
    <subfield code="b">il. ;</subfield>
  </datafield>
  <datafield tag="520" ind1=" " ind2=" ">
    <subfield code="a">O temperamento do Gato Malhado n&#xE3;o era nada bom: bastava aparecer no parque para todos fugirem &#xE0;s pressas. E ele n&#xE3;o se importava mesmo com os outros, ia tocando a vida com a indiferen&#xE7;a habitual. At&#xE9; que, chegada certa primavera, o Gato nota que a Andorinha Sinh&#xE1; n&#xE3;o tem receio algum dele. Foi o suficiente para que dali nascesse a amizade dos dois, que se aprofunda com o tempo. No outono, os bichos j&#xE1; viam o Gato com outros olhos, achando que talvez ele n&#xE3;o fosse t&#xE3;o ruim e perigoso, uma vez que passara toda a primavera e o ver&#xE3;o sem aprontar. Durante esse tempo, at&#xE9; soneto o Gato escreveu. E confessou &#xE0; Andorinha: "Se eu n&#xE3;o fosse um gato, te pediria para casares comigo". Mas o amor entre os dois &#xE9; proibido, n&#xE3;o s&#xF3; porque o Gato &#xE9; visto com desconfian&#xE7;a, mas tamb&#xE9;m porque a Andorinha est&#xE1; prometida ao Rouxinol. Jorge Amado colheu a hist&#xF3;ria desse amor imposs&#xED;vel de uma trova do poeta Est&#xEA;v&#xE3;o da Escuna, que a costumava recitar no Mercado das Sete Portas, em Salvador, e a colocou no papel com o tom fabular dos contos infanto-juvenis em 1948, quando vivia em Paris. N&#xE3;o era uma hist&#xF3;ria para ser publicada em livro, mas um presente para o filho, Jo&#xE3;o Jorge, que completava um ano de idade. Guardado entre as coisas do menino, o texto s&#xF3; foi reencontrado em 1976. Jo&#xE3;o Jorge entregou ent&#xE3;o a narrativa a Caryb&#xE9;, que ilustrou as p&#xE1;ginas datilografadas. Jorge Amado deu-se por vencido: o livro foi publicado no mesmo ano. O texto foi adaptado mais tarde para teatro e bal&#xE9;.
</subfield>
  </datafield>
  <datafield tag="650" ind1=" " ind2="0">
    <subfield code="a">Literatura Brasileira</subfield>
    <subfield code="9">205</subfield>
  </datafield>
  <datafield tag="650" ind1=" " ind2="0">
    <subfield code="a">Infantojuvenil</subfield>
    <subfield code="9">200</subfield>
  </datafield>
  <datafield tag="650" ind1=" " ind2="0">
    <subfield code="a">Fantasia</subfield>
    <subfield code="9">45</subfield>
  </datafield>
  <datafield tag="655" ind1=" " ind2="0">
    <subfield code="a">Romance</subfield>
    <subfield code="9">23</subfield>
  </datafield>
  <datafield tag="655" ind1=" " ind2="0">
    <subfield code="a">Fic&#xE7;&#xE3;o </subfield>
    <subfield code="9">22</subfield>
  </datafield>
  <datafield tag="700" ind1="0" ind2=" ">
    <subfield code="a">Caryb&#xE9;,</subfield>
    <subfield code="d">1911-1997</subfield>
    <subfield code="9">1011</subfield>
  </datafield>
  <datafield tag="942" ind1=" " ind2=" ">
    <subfield code="2">ddc</subfield>
    <subfield code="n">0</subfield>
    <subfield code="c">BK</subfield>
  </datafield>
  <datafield tag="952" ind1=" " ind2=" ">
    <subfield code="0">0</subfield>
    <subfield code="1">0</subfield>
    <subfield code="2">ddc</subfield>
    <subfield code="4">0</subfield>
    <subfield code="7">0</subfield>
    <subfield code="8">FIC</subfield>
    <subfield code="a">BIBIB</subfield>
    <subfield code="b">BIBIB</subfield>
    <subfield code="c">IJ</subfield>
    <subfield code="d">2025-09-02</subfield>
    <subfield code="e">doa&#xE7;&#xE3;o</subfield>
    <subfield code="l">0</subfield>
    <subfield code="o">028.5 / A481g</subfield>
    <subfield code="p">2025-17399</subfield>
    <subfield code="r">2025-09-01 09:03:18</subfield>
    <subfield code="w">2025-09-02</subfield>
    <subfield code="y">BK</subfield>
  </datafield>
  <datafield tag="999" ind1=" " ind2=" ">
    <subfield code="c">469</subfield>
    <subfield code="d">469</subfield>
  </datafield>
</record>
